Normale Ansicht MARC-Ansicht ISBD

Revisiting the Arab uprisings : (Titelsatznr. 59829)

[ MARC ]
MARC-Details
000 -Satzkennung
Kontrollfeld mit fester Länge 01452nam a2200373 i 4500
001 - Kontrollnummer
Kontrollfeld EBC5637261
003 - Kontrollnummer Identifier
Kontrollfeld MiAaPQ
005 - Datum und Zeit der letzten Transaktion
Kontrollfeld 20220511134617.0
007 - Feld mit fester Länge zur physischen Beschreibung - Allgemeine Information
Kontrollfeld mit fester Länge cr cnu||||||||
008 - Feld mit fester Länge zur physischen Beschreibung - Allgemeine Angaben
Kontrollfeld mit fester Länge 190212s2018 enk o 000 0 eng d
020 ## - Internationale Standardbuchnummer
Gelöschte/ungültige ISBN 9780190876081
020 ## - Internationale Standardbuchnummer
Internationale Standardbuchnummer 9780190057930 (e-book)
040 ## - Katalogisierungsquelle
Original-Katalogisierungsstelle MiAaPQ
Katalogisierungssprache eng
Übertragungsstelle MiAaPQ
245 00 - Titel
Titel Revisiting the Arab uprisings :
Zusatz zum Titel the politics of a revolutionary moment /
Verfasserangabe etc. edited by Stéphane Lacroix and Jean-Pierre Filiu.
264 #1 - Produktion, Veröffentlichung, Distribution, Herstellung und Urheberrechtsvermerk
Herstellungs-, Veröffentlichungs- Vertriebs-, Erzeugungsort Oxford :
Produzent, Herausgeber, Distributor, Hersteller Oxford University Press,
Datum der Herstellung, der Veröffentlichung, des Vertriebs oder des Urheberschutzvermerks [2018]
264 #4 - Produktion, Veröffentlichung, Distribution, Herstellung und Urheberrechtsvermerk
Datum der Herstellung, der Veröffentlichung, des Vertriebs oder des Urheberschutzvermerks ©2018
300 ## - Physische Beschreibung
Umfang 1 online resource (342 pages)
336 ## - Inhaltstyp
Inhaltstypterm Text
Inhaltstypcode txt
Quelle rdacontent
337 ## - Medientyp
Bezeichnung des Medientyps Computermedien
Medientypcode c
Quelle rdamedia
338 ## - Datenträgertyp
Datenträgertypbezeichnung Online Resource
Datenträgertypcode cr
Quelle rdacarrier
500 ## - Allgemeine Fußnote
Allgemeine Fußnote E-Book-ProQuest / Fernzugriff nach Registrierung möglich
650 #4 - Nebeneintragung unter einem Schlagwort - Sachschlagwort
Sachschlagwort oder geografischer Name als Eintragungselement Arabischer Frühling
Koha-Normdatenidentnummer 3592
651 #4 - Nebeneintragung unter einem Schlagwort - Geografischer Name
Geografischer Name Tunesien
Koha-Normdatenidentnummer 6437
653 ## - Indexierungsterm - Nicht normiert
Nicht-normierter Term Revolutions
655 #4 - Indexierungsterm - Genre/Form
Genre/Form oder fokussierter Term
655 ## - Indexierungsterm - Genre/Form
Genre/Form oder fokussierter Term Fernzugriff
Koha-Normdatenidentnummer 230
700 1# - Nebeneintragung - Personenname
Personenname Lacroix, Stéphane,
Datumsangaben in Verbindung mit einem Namen 1978-
Funktionsbezeichnung editor.
Koha-Normdatenidentnummer 5997
700 1# - Nebeneintragung - Personenname
Personenname Filiu, Jean-Pierre,
Funktionsbezeichnung editor.
Koha-Normdatenidentnummer 5998
776 08 - Andere physische Form
Verweisungsphrase Print version:
Titel Revisiting the Arab uprisings : the politics of a revolutionary moment.
Ort, Verlag und Erscheinungsjahr Oxford : Oxford University Press, c2018
Physische Beschreibung 342 pages
Internationale Standardbuchnummer 9780190876081
856 40 - Elektronische Adresse und Zugriff
URL <a href="https://ebookcentral.proquest.com/lib/maxweberstiftung-ebooks/detail.action?docID=5637261">https://ebookcentral.proquest.com/lib/maxweberstiftung-ebooks/detail.action?docID=5637261</a>
OPAC-Notiz Volltext
942 ## - Zusätzliche Felder (Koha)
Koha-Medientyp E-Books
Klassifikation oder Aufstellungssystematik Andere/Generische Klassifikation
Exemplare
Ausgeschieden Verloren Klassifikation oder Aufstellungssystematik Beschädigt Nicht entleihbar Heimatbibliothek Aufenthaltsbibliothek Aufstellungsort Erwerbungsdatum Inventarnummer Signatur Barcode Letzte Aktivität Preis gültig von Koha-Medientyp
    Andere/Generische Klassifikation     MWN Osteuropa MWN Osteuropa Online-Ressource 26/04/2022 22-e00707 E-22-e00707 60616 26/04/2022 26/04/2022 E-Books